[Event "Olympiad-41"]
[Site "Tromsoe"]
[Date "2014.08.14"]
[Round "11.3"]
[White "Goundar, Sanmogam"]
[Black "Belzo, Krzysztof"]
[Result "0-1"]
[WhiteElo "1952"]
[BlackElo "2034"]
[PlyCount "196"]
[EventDate "2014.08.02"]
[EventType "team-swiss"]
[EventRounds "11"]
[EventCountry "NOR"]
[SourceTitle "CBM 162"]
[Source "ChessBase"]
[SourceDate "2014.09.17"]
[SourceVersion "1"]
[SourceVersionDate "2014.09.17"]
[SourceQuality "1"]
[WhiteTeam "Fiji"]
[BlackTeam "Jersey"]
[WhiteTeamCountry "FIJ"]
[BlackTeamCountry "GCI"]

1. e4 c5 2. Nf3 Nc6 3. Bb5 Nd4 4. Bc4 e6 5. Nc3 a6 6. a4 Ne7 7. 0-0 Nec6 8. Nxd4 cxd4 9. Ne2 g6 10. d3 Bg7 11. f4 0-0 12. Qe1 d5 13. exd5 exd5 14. Bb3 Be6 15. Qf2 Rc8 16. h3 h5 17. Bd2 Qf6 18. Qf3 Rfe8 19. Ng3 Ne7 20. Rae1 h4 21. Nh1 Nf5 22. Rf2 Ne3 23. Bc1 Qf5 24. Rfe2 Bh6 25. Bxe3 dxe3 26. Rxe3 Qxf4 27. Qxf4 Bxf4 28. R3e2 Red8 29. Rf1 Bh6 30. d4 b5 31. Nf2 bxa4 32. Bxa4 Rc4 33. Bb3 Rxd4 34. Nd3 Bf5 35. Nc5 Rd6 36. Ra1 Rd2 37. Kf1 Rc6 38. Ra5 Rxe2 39. Kxe2 Bf8 40. Nxa6 Bxc2 41. Bxd5 Rb6 42. b4 Bxb4 43. Ra2 Bb1 44. Nxb4 Rxb4 45. Ra7 Rf4 46. Rb7 Bc2 47. Rc7 Ba4 48. Ke3 Rf5 49. Ba2 Bb5 50. Rb7 Bc6 51. Rb4 Bxg2 52. Rxh4 Rf3+ 53. Ke2 Rxh3 54. Rf4 Rh7 55. Kf2 Bc6 56. Kg3 Bd7 57. Rf6 Kf8 58. Bxf7 Ke7 59. Rxg6 Kxf7 60. Rd6 Be6 61. Rb6 Kf6 62. Rb8 Ke5 63. Rb4 Rg7+ 64. Kf2 Bd5 65. Rh4 Be4 66. Rh8 Rg2+ 67. Ke3 Rg3+ 68. Kf2 Rc3 69. Re8+ Kf4 70. Rf8+ Bf5 71. Ke2 Rc2+ 72. Kd1 Rh2 73. Kc1 Ke5 74. Re8+ Kd4 75. Rd8+ Kc3 76. Kd1 Bd3 77. Ke1 Re2+ 78. Kd1 Rf2 79. Rc8+ Bc4 80. Re8 Rf1+ 81. Re1 Rf5 82. Re3+ Bd3 83. Re7 Rf1+ 84. Re1 Rf2 85. Re7 Bc4 86. Re3+ Kd4 87. Re7 Bd3 88. Rd7+ Ke3 89. Re7+ Be4 90. Kc1 Rf1+ 91. Kb2 Rb1+ 92. Ka2 Rb6 93. Rd7 Bd3 94. Rc7 Kd4 95. Rg7 Kc3 96. Rc7+ Bc4+ 97. Ka1 Ra6+ 98. Kb1 Rh6 0-1

[Event "Olympiad-41"]
[Site "Tromsoe"]
[Date "2014.08.09"]
[Round "7.3"]
[White "Cooper, Gary"]
[Black "Goundar, Sanmogam"]
[Result "0-1"]
[WhiteElo "1844"]
[BlackElo "1952"]
[PlyCount "74"]
[EventDate "2014.08.02"]
[EventType "team-swiss"]
[EventRounds "11"]
[EventCountry "NOR"]
[SourceTitle "CBM 162"]
[Source "ChessBase"]
[SourceDate "2014.09.17"]
[SourceVersion "1"]
[SourceVersionDate "2014.09.17"]
[SourceQuality "1"]
[WhiteTeam "Bermuda"]
[BlackTeam "Fiji"]
[WhiteTeamCountry "BER"]
[BlackTeamCountry "FIJ"]

1. e4 c5 2. Nf3 g6 3. c3 Bg7 4. d4 cxd4 5. cxd4 d5 6. e5 Nh6 7. Bb5+ Bd7 8. Bxd7+ Qxd7 9. 0-0 0-0 10. Nc3 Nc6 11. Bf4 f5 12. h3 Nf7 13. Re1 Ncd8 14. Rc1 Ne6 15. Qd2 Rac8 16. Ne2 Nxf4 17. Nxf4 e6 18. Rxc8 Rxc8 19. Rc1 Bh6 20. g3 Rc6 21. Rxc6 Qxc6 22. Qc3 Qxc3 23. bxc3 Bxf4 24. gxf4 Kf8 25. Kf1 Ke7 26. Ke2 Kd7 27. a4 Kc6 28. Kd3 b5 29. a5 Nd8 30. Ng5 h6 31. Nh7 a6 32. h4 Kd7 33. Nf8+ Ke8 34. Nxg6 h5 35. Kc2 Kf7 36. Nh8+ Kg7 37. Kb3 Nc6 0-1

[Event "Olympiad-41"]
[Site "Tromsoe"]
[Date "2014.08.03"]
[Round "2.3"]
[White "Goundar, Sanmogam"]
[Black "Mohannad, Farhan"]
[Result "0-1"]
[WhiteElo "1952"]
[BlackElo "2321"]
[PlyCount "64"]
[EventDate "2014.08.02"]
[EventType "team-swiss"]
[EventRounds "11"]
[EventCountry "NOR"]
[SourceTitle "CBM 162"]
[Source "ChessBase"]
[SourceDate "2014.09.17"]
[SourceVersion "1"]
[SourceVersionDate "2014.09.17"]
[SourceQuality "1"]
[WhiteTeam "Fiji"]
[BlackTeam "Jordan"]
[WhiteTeamCountry "FIJ"]
[BlackTeamCountry "JOR"]

1. d4 Nf6 2. Nf3 g6 3. Nc3 d5 4. Bf4 Bg7 5. e3 0-0 6. Be2 Bf5 7. Ne5 Nbd7 8. g4 Be6 9. h4 c5 10. h5 Qa5 11. hxg6 fxg6 12. f3 cxd4 13. Qxd4 Ne8 14. 0-0-0 Nc7 15. Bg3 b5 16. Nc6 Bxd4 17. Nxa5 Bxe3+ 18. Kb1 b4 19. Bxc7 bxc3 20. Nc6 Bc5 21. b4 Rac8 22. bxc5 Rxc7 23. Nxe7+ Kg7 24. c6 Nb6 25. Rd3 Rxe7 26. Rxc3 Rc7 27. Bb5 Rb8 28. Ka1 Nc4 29. Ba4 Rb4 30. Re1 Bf7 31. Bb3 Rxc6 32. Re7 Re6 0-1

[Event "Olympiad-41"]
[Site "Tromsoe"]
[Date "2014.08.02"]
[Round "1.3"]
[White "Sipila, Vilka"]
[Black "Goundar, Sanmogam"]
[Result "1-0"]
[WhiteElo "2425"]
[BlackElo "1952"]
[PlyCount "93"]
[EventDate "2014.08.02"]
[EventType "team-swiss"]
[EventRounds "11"]
[EventCountry "NOR"]
[SourceTitle "CBM 162"]
[Source "ChessBase"]
[SourceDate "2014.09.17"]
[SourceVersion "1"]
[SourceVersionDate "2014.09.17"]
[SourceQuality "1"]
[WhiteTeam "Finland"]
[BlackTeam "Fiji"]
[WhiteTeamCountry "FIN"]
[BlackTeamCountry "FIJ"]

1. h3 g6 2. e4 Bg7 3. Nf3 c5 4. Bc4 Nc6 5. 0-0 e6 6. Nc3 Nge7 7. d3 0-0 8. Bg5 h6 9. Bf4 d5 10. Bb3 a6 11. a4 b6 12. Re1 Bb7 13. exd5 Nxd5 14. Nxd5 exd5 15. c3 Qd7 16. Qd2 Kh7 17. d4 Rad8 18. h4 h5 19. dxc5 bxc5 20. Rad1 Na5 21. Bc2 Nc4 22. Qc1 Nd6 23. Qe3 Qc8 24. Qd3 Ne4 25. Ng5+ Nxg5 26. Bxg5 Rde8 27. Be7 Rg8 28. Qf3 f5 29. Qg3 Qc6 30. Re2 d4 31. cxd4 Bxd4 32. Bb3 Rg7 33. Rde1 Bxb2 34. Re6 Qc8 35. Bf6 Bxf6 36. Rxe8 Qc7 37. Qxc7 Rxc7 38. Rf8 Bxh4 39. Bc4 Kg7 40. Rg8+ Kh7 41. Re6 Rd7 42. Rgxg6 Rd1+ 43. Kh2 Bxf2 44. Rh6+ Kg7 45. Reg6+ Kf8 46. Rh8+ Ke7 47. Rh7+ 1-0

[Event "Oceania zt"]
[Site "Nadi"]
[Date "2013.05.10"]
[Round "9"]
[White "Goundar, Sanmogam"]
[Black "Prasad, Calvin"]
[Result "0-1"]
[WhiteElo "1936"]
[BlackElo "2018"]
[PlyCount "116"]
[EventDate "2013.05.05"]
[EventType "swiss"]
[EventRounds "9"]
[EventCountry "FIJ"]
[SourceTitle "CBM 154 Extra"]
[Source "ChessBase"]
[SourceDate "2013.06.25"]
[SourceVersion "2"]
[SourceVersionDate "2013.06.25"]
[SourceQuality "1"]

1. e4 Nf6 2. e5 Nd5 3. d4 d6 4. c4 Nb6 5. exd6 cxd6 6. Bd3 Nc6 7. Ne2 g6 8. b3 Bg7 9. Bb2 Nb4 10. 0-0 0-0 11. Nbc3 d5 12. c5 Nd7 13. Bb1 Nf6 14. a3 Nc6 15. b4 e5 16. Ba2 exd4 17. Nb5 Ng4 18. Nbxd4 Be5 19. h3 Nh2 20. Nxc6 Nf3+ 21. Kh1 bxc6 22. Bxe5 Nxe5 23. Qd4 Re8 24. Nc3 Ba6 25. Rfd1 Qd7 26. a4 Rab8 27. Rab1 Qf5 28. b5 Bc8 29. f4 Nf3 30. Qf2 d4 31. g4 Qxf4 32. Ne2 Qe3 33. Qxe3 Rxe3 34. Nxd4 Nxd4 35. Rxd4 Rxh3+ 36. Kg2 Ra3 37. Rb2 cxb5 38. axb5 Bb7+ 39. Kh2 Bc6 40. Rf2 Rxb5 41. Bxf7+ Kg7 42. Bd5 Rxc5 43. Bxc6 Rxc6 44. Rd7+ Kh6 45. g5+ Kxg5 46. Rxh7 Rc4 47. Rg7 Rh4+ 48. Kg2 a5 49. Ra7 Rf4 50. Rc2 Kg4 51. Ra6 g5 52. Rg6 a4 53. Rc5 Rg3+ 54. Kh2 Rf2+ 55. Kh1 Rf5 56. Rc4+ Kh5 57. Rg8 Rf4 58. Rc5 Rh4# 0-1

[Event "Doeberl Cup Premier 51st"]
[Site "Canberra"]
[Date "2013.04.01"]
[Round "9"]
[White "Goundar, Sanmogam"]
[Black "Farrell, Roger S"]
[Result "1/2-1/2"]
[WhiteElo "1936"]
[BlackElo "2188"]
[PlyCount "41"]
[EventDate "2013.03.28"]
[EventType "swiss"]
[EventRounds "9"]
[EventCountry "AUS"]
[SourceTitle "CBM 153 Extra"]
[Source "ChessBase"]
[SourceDate "2013.04.22"]
[SourceVersion "1"]
[SourceVersionDate "2013.04.22"]
[SourceQuality "1"]

1. e4 d6 2. d4 Nf6 3. Nc3 g6 4. Nf3 Bg7 5. h3 0-0 6. Be3 c6 7. a4 Qa5 8. Nd2 Nbd7 9. Be2 e5 10. 0-0 d5 11. dxe5 Nxe4 12. Ndxe4 dxe4 13. Nxe4 Qxe5 14. Nc3 Nc5 15. Bf3 Be6 16. Re1 Rad8 17. Qc1 Rd7 18. a5 Bc4 19. Bf4 Qf6 20. Bg5 Qd6 21. Bf4 1/2-1/2

[Event "Doeberl Cup Premier 51st"]
[Site "Canberra"]
[Date "2013.03.30"]
[Round "6"]
[White "Goundar, Sanmogam"]
[Black "Guo, Emma"]
[Result "1/2-1/2"]
[WhiteElo "1936"]
[BlackElo "2092"]
[PlyCount "96"]
[EventDate "2013.03.28"]
[EventType "swiss"]
[EventRounds "9"]
[EventCountry "AUS"]
[SourceTitle "CBM 153 Extra"]
[Source "ChessBase"]
[SourceDate "2013.04.22"]
[SourceVersion "1"]
[SourceVersionDate "2013.04.22"]
[SourceQuality "1"]

1. e4 e5 2. Nf3 Nc6 3. Bb5 f5 4. d3 fxe4 5. dxe4 Nf6 6. 0-0 Bc5 7. Nc3 d6 8. Qd3 0-0 9. Be3 Bb6 10. a4 Bg4 11. Bxb6 axb6 12. h3 Bxf3 13. Qxf3 Nd4 14. Qd3 Nh5 15. Ne2 Nxe2+ 16. Qxe2 Nf4 17. Qe3 Rf6 18. Rfe1 Rg6 19. Bf1 Qd7 20. Qb3+ Kh8 21. Re3 Rf6 22. c3 Raf8 23. a5 bxa5 24. Rxa5 Nh5 25. Be2 Nf4 26. Qxb7 Qf7 27. Ra8 Nxg2 28. Rxf8+ Qxf8 29. Kxg2 Rxf2+ 30. Kg1 h6 31. Qxc7 Kh7 32. Qd7 Rf4 33. Rf3 Rxf3 34. Bxf3 Qxf3 35. Qf5+ Qxf5 36. exf5 Kg8 37. c4 Kf7 38. b4 Ke7 39. Kf2 Kd7 40. Ke3 Kc7 41. Ke4 Kc6 42. h4 h5 43. Kd3 Kb6 44. Ke3 Kc7 45. Ke4 Kc6 46. c5 dxc5 47. bxc5 Kxc5 48. Kxe5 Kc4 1/2-1/2

[Event "Manila PSC Cup"]
[Site "Manila"]
[Date "2013.01.16"]
[Round "4"]
[White "Goundar, Sanmogam"]
[Black "Hj, Azahari Md Aliuddin"]
[Result "0-1"]
[WhiteElo "1942"]
[BlackElo "2099"]
[PlyCount "92"]
[EventDate "2013.01.14"]
[EventType "swiss"]
[EventRounds "9"]
[EventCountry "PHI"]
[SourceTitle "CBM 152 Extra"]
[Source "ChessBase"]
[SourceDate "2013.02.25"]
[SourceVersion "1"]
[SourceVersionDate "2013.02.25"]
[SourceQuality "1"]

1. e4 e5 2. Nf3 Nc6 3. d4 exd4 4. Bc4 Bc5 5. c3 Nf6 6. cxd4 Bb4+ 7. Bd2 Bxd2+ 8. Nbxd2 d5 9. exd5 Nxd5 10. 0-0 0-0 11. h3 Bf5 12. Nb1 Nf4 13. Qd2 Qd6 14. Nc3 Bxh3 15. Ne4 Qg6 16. Ng3 Bxg2 17. Qxf4 Bxf1 18. Rxf1 Rad8 19. Rd1 Rd6 20. Bd3 Rf6 21. Qe3 Qg4 22. Kg2 Ne7 23. Rh1 Ng6 24. Rh5 Nf4+ 25. Qxf4 Rxf4 26. Bxh7+ Kh8 27. Bg6+ Qxh5 28. Bxh5 g6 29. Ne2 Re4 30. Ng3 Re6 31. Bg4 Rb6 32. b3 Ra6 33. a4 Rb6 34. Nd2 Rd8 35. Ne2 Rb4 36. Bf3 Kg7 37. Be4 Rbxd4 38. Nxd4 Rxd4 39. Bxb7 Rxd2 40. Ba6 Rd4 41. f3 g5 42. Kf2 f5 43. Ke3 c5 44. Bc8 Kf6 45. Ba6 Ke5 46. Bd3 a5 0-1

[Event "Manila PSC Cup"]
[Site "Manila"]
[Date "2013.01.14"]
[Round "1"]
[White "Goundar, Sanmogam"]
[Black "Nouri, Hamed"]
[Result "0-1"]
[WhiteElo "1942"]
[BlackElo "2350"]
[PlyCount "108"]
[EventDate "2013.01.14"]
[EventType "swiss"]
[EventRounds "9"]
[EventCountry "PHI"]
[SourceTitle "CBM 152 Extra"]
[Source "ChessBase"]
[SourceDate "2013.02.25"]
[SourceVersion "1"]
[SourceVersionDate "2013.02.25"]
[SourceQuality "1"]

1. e4 e6 2. d4 d5 3. Nc3 dxe4 4. Nxe4 Bd7 5. Nf3 Bc6 6. Neg5 Nd7 7. Nxf7 Kxf7 8. Ng5+ Ke8 9. Nxe6 Bb4+ 10. c3 Qe7 11. Qe2 Bd6 12. Bg5 Ngf6 13. Nxg7+ Kf7 14. Qxe7+ Bxe7 15. Nf5 Bf8 16. Ne3 Nb6 17. 0-0-0 Ne4 18. Bh4 Bh6 19. Kc2 Rhg8 20. Nc4 Kf8 21. Ne5 Nd6 22. Nxc6 bxc6 23. Bd3 Bg5 24. Bg3 h5 25. h4 Bf6 26. Rhe1 Re8 27. Rxe8+ Kxe8 28. Bxd6 cxd6 29. g3 Kf7 30. Re1 Na8 31. Be2 Rh8 32. Bc4+ Kg7 33. Re6 Rd8 34. Re1 Nc7 35. Rf1 Kh6 36. Be2 Rf8 37. Kd3 Bd8 38. f4 Rg8 39. Rf3 Nd5 40. Bd1 Nf6 41. Ba4 c5 42. dxc5 dxc5 43. Bc6 Bb6 44. Kc4 Rc8 45. Bb7 Rc7 46. Ba8 Re7 47. Rd3 Re2 48. a4 Rxb2 49. Rd6 Kg7 50. Bf3 Ra2 51. Bc6 Rc2 52. Re6 Kf7 53. Re5 Ba5 54. Kxc5 Bxc3 0-1

[Event "Olympiad-40"]
[Site "Istanbul"]
[Date "2012.09.03"]
[Round "6.3"]
[White "Goundar, Sanmogam"]
[Black "Garcia Paolicchi, Raul"]
[Result "0-1"]
[WhiteElo "1929"]
[BlackElo "2193"]
[PlyCount "90"]
[EventDate "2012.08.28"]
[EventType "team-swiss"]
[EventRounds "11"]
[EventCountry "TUR"]
[SourceTitle "CBM 151"]
[Source "ChessBase"]
[SourceDate "2012.11.13"]
[SourceVersion "1"]
[SourceVersionDate "2012.11.13"]
[SourceQuality "1"]
[WhiteTeam "Fiji"]
[BlackTeam "Andorra"]
[WhiteTeamCountry "FIJ"]
[BlackTeamCountry "AND"]

1. d4 d5 2. Nf3 e6 3. g3 c5 4. Bg2 Nc6 5. c4 Nf6 6. 0-0 Be7 7. cxd5 exd5 8. Nc3 0-0 9. Bg5 c4 10. Ne5 Be6 11. e3 h6 12. Bxf6 Bxf6 13. f4 Ne7 14. b3 Rc8 15. bxc4 Bxe5 16. fxe5 Rxc4 17. Nb5 Nc8 18. Na3 Rc6 19. Rf2 Qa5 20. Nc2 Nb6 21. a3 Rd8 22. Nb4 Rc3 23. Qe1 Rdc8 24. Nd3 Nc4 25. Nc5 Rxa3 26. Qxa5 Rxa5 27. Rxa5 Nxa5 28. Nxe6 fxe6 29. Bh3 Rc6 30. Bg4 Nc4 31. Rf3 a5 32. Bh5 Rc7 33. Bg6 a4 34. e4 dxe4 35. Bxe4 Nd2 36. Ra3 Nxe4 37. Rxa4 Nc3 38. Rb4 Nd5 39. Ra4 Rc2 40. Ra8+ Kf7 41. Rd8 Rc7 42. h4 b5 43. Rb8 b4 44. Kf2 h5 45. Rh8 Rb7 0-1

[Event "Doeberl Cup Premier 50th"]
[Site "Canberra"]
[Date "2012.04.05"]
[Round "2"]
[White "Zelesco, Karl"]
[Black "Goundar, Sanmogam"]
[Result "1-0"]
[WhiteElo "2048"]
[BlackElo "1909"]
[PlyCount "135"]
[EventDate "2012.04.05"]
[EventType "swiss"]
[EventRounds "9"]
[EventCountry "AUS"]
[SourceTitle "EXT 2023"]
[Source "ChessBase"]
[SourceDate "2022.10.05"]
[SourceVersion "1"]
[SourceVersionDate "2022.10.05"]
[SourceQuality "1"]

1. e4 c5 2. Nf3 Nc6 3. d4 cxd4 4. Nxd4 g6 5. Nc3 Bg7 6. Be3 Nf6 7. Bc4 0-0 8. Bb3 d6 9. f3 Bd7 10. Qd2 Nxd4 11. Bxd4 b5 12. a4 b4 13. Nd5 Nxd5 14. Bxd5 Bxd4 15. Qxd4 Rc8 16. Bb3 Qa5 17. 0-0 Qc5 18. Rfd1 Rc7 19. Qxc5 dxc5 20. Bc4 a5 21. Rd2 Kg7 22. b3 Rfc8 23. Rad1 Be6 24. Rd8 Bxc4 25. bxc4 Kf6 26. Rxc8 Rxc8 27. Rd7 Ke6 28. Rd5 Rc6 29. Kf2 f6 30. Ke3 Kf7 31. Rd7 Rb6 32. Ra7 b3 33. cxb3 Rxb3+ 34. Kf4 g5+ 35. Kf5 h5 36. e5 fxe5 37. Kxg5 Rb2 38. Rxa5 Rxg2+ 39. Kxh5 Rxh2+ 40. Kg5 Ra2 41. Kf5 Ra3 42. Kxe5 Rxf3 43. Rxc5 Ke8 44. Rc7 Kd8 45. Ra7 Re3+ 46. Kd4 Re1 47. Ra5 Kc7 48. Rh5 Kd6 49. Rd5+ Kc6 50. Re5 Rd1+ 51. Kc3 Kd6 52. Re3 Rc1+ 53. Kb4 e5 54. a5 Rb1+ 55. Rb3 Ra1 56. Kb5 e4 57. Kb6 Rc1 58. Rb4 e3 59. Rb3 Rxc4 60. Rd3+ Ke7 61. Rxe3+ Kd8 62. a6 Rc1 63. Rb3 Ra1 64. Kb7 Rc1 65. a7 Rc7+ 66. Kb6 Rc8 67. Rd3+ Ke7 68. Kb7 1-0

[Event "Kuala Lumpur op 8th"]
[Site "Kuala Lumpur"]
[Date "2011.08.20"]
[Round "5"]
[White "Goundar, Sanmogam"]
[Black "Karunanayake, Mauri"]
[Result "1/2-1/2"]
[WhiteElo "1934"]
[BlackElo "1667"]
[PlyCount "58"]
[EventDate "2011.08.18"]
[EventType "swiss"]
[EventRounds "9"]
[EventCountry "MAS"]
[SourceTitle "CBM 144 Extra"]
[Source "ChessBase"]
[SourceDate "2011.10.28"]
[SourceVersion "1"]
[SourceVersionDate "2011.10.28"]
[SourceQuality "1"]

1. e4 c5 2. c3 Nf6 3. e5 Nd5 4. d4 cxd4 5. Qxd4 e6 6. Nf3 Nc6 7. Qe4 a6 8. Bd3 d6 9. 0-0 dxe5 10. Nxe5 Nxe5 11. Qxe5 Nf6 12. Rd1 Bd6 13. Bb5+ Ke7 14. Qe2 axb5 15. Bf4 Bxf4 16. Rxd8 Rxd8 17. g3 Bh6 18. Na3 b4 19. cxb4 Rd2 20. Qe5 Bd7 21. Nc4 Rd5 22. Qe1 Ra6 23. f4 Bb5 24. Ne3 Rd3 25. b3 Kd8 26. a4 Bd7 27. b5 Rad6 28. Nc4 R6d4 29. Ne5 Rxb3 1/2-1/2

[Event "Kuala Lumpur op 8th"]
[Site "Kuala Lumpur"]
[Date "2011.08.18"]
[Round "2"]
[White "Wang, Yiye"]
[Black "Goundar, Sanmogam"]
[Result "1-0"]
[WhiteElo "2262"]
[BlackElo "1934"]
[PlyCount "57"]
[EventDate "2011.08.18"]
[EventType "swiss"]
[EventRounds "9"]
[EventCountry "MAS"]
[SourceTitle "CBM 144 Extra"]
[Source "ChessBase"]
[SourceDate "2011.10.28"]
[SourceVersion "1"]
[SourceVersionDate "2011.10.28"]
[SourceQuality "1"]

1. e4 c5 2. Nf3 Nc6 3. d4 cxd4 4. Nxd4 g6 5. c4 Bg7 6. Nc2 Nf6 7. Nc3 d6 8. Be2 Be6 9. 0-0 Ne5 10. f4 Neg4 11. f5 Qb6+ 12. Kh1 Nf2+ 13. Rxf2 Qxf2 14. fxe6 fxe6 15. Be3 Qh4 16. Bf3 h5 17. g3 Qh3 18. Bg2 Qg4 19. Qf1 h4 20. Bf3 hxg3 21. Bxg4 Rxh2+ 22. Kg1 Nxg4 23. Qd1 Nxe3 24. Nxe3 0-0-0 25. Ne2 Be5 26. Ng4 Rh3 27. Nxe5 dxe5 28. Qf1 Rdh8 29. Qf3 1-0

[Event "Oceania zt"]
[Site "Rotorua"]
[Date "2011.01.30"]
[Round "8"]
[White "Goundar, Sanmogam"]
[Black "Deen Cowell, Nicholas Andrew"]
[Result "1-0"]
[WhiteElo "1904"]
[BlackElo "1917"]
[PlyCount "43"]
[EventDate "2011.01.25"]
[EventType "swiss"]
[EventRounds "9"]
[EventCountry "NZL"]
[SourceTitle "CBM 140 Extra"]
[Source "ChessBase"]
[SourceDate "2011.03.01"]
[SourceVersion "1"]
[SourceVersionDate "2011.03.01"]
[SourceQuality "1"]

1. d4 Nf6 2. Bg5 e6 3. e4 h6 4. Bxf6 Qxf6 5. c3 d6 6. Bd3 Nd7 7. Ne2 g6 8. 0-0 Bg7 9. Nd2 c5 10. f4 0-0 11. e5 Qe7 12. Ne4 dxe5 13. fxe5 cxd4 14. cxd4 Nb6 15. Nf6+ Bxf6 16. exf6 Qb4 17. Qc1 Kh7 18. Rf4 Nd5 19. Rh4 h5 20. Rxh5+ Kg8 21. Qh6 Nxf6 22. Qh8# 1-0

[Event "Oceania zt"]
[Site "Rotorua"]
[Date "2011.01.25"]
[Round "1"]
[White "Goundar, Sanmogam"]
[Black "Schon, Eugene"]
[Result "0-1"]
[WhiteElo "1904"]
[BlackElo "2157"]
[PlyCount "74"]
[EventDate "2011.01.25"]
[EventType "swiss"]
[EventRounds "9"]
[EventCountry "NZL"]
[SourceTitle "CBM 140 Extra"]
[Source "ChessBase"]
[SourceDate "2011.03.01"]
[SourceVersion "1"]
[SourceVersionDate "2011.03.01"]
[SourceQuality "1"]

1. e4 e5 2. Nf3 Nc6 3. Bb5 a6 4. Ba4 Nf6 5. 0-0 Be7 6. Re1 b5 7. Bb3 0-0 8. c3 d5 9. exd5 Nxd5 10. Nxe5 Nxe5 11. Rxe5 c6 12. d4 Bd6 13. Re2 Bg4 14. f3 Bf5 15. Nd2 Nf4 16. Re3 Qg5 17. g4 Nh3+ 18. Kg2 Qxe3 19. Ne4 Nf4+ 20. Kh1 Qd3 21. Nxd6 Qxd1+ 22. Bxd1 Nd3 23. gxf5 Nf2+ 24. Kg1 Nxd1 25. Kf1 Rad8 26. Ne4 Rd5 27. f6 Rh5 28. Kg1 Rf5 29. Kg2 Re8 30. fxg7 Kxg7 31. Rb1 Kg6 32. Nd6 Re2+ 33. Kg3 Rh5 34. h4 Nf2 35. f4 Nh1+ 36. Kh3 f5 37. a4 Rxh4+ 0-1

[Event "Sydney op"]
[Site "Parramatta"]
[Date "2010.04.11"]
[Round "9"]
[White "Goundar, Sanmogam"]
[Black "Bennett, Hilton Petrie"]
[Result "0-1"]
[WhiteElo "1929"]
[BlackElo "2001"]
[PlyCount "58"]
[EventDate "2010.04.07"]
[EventType "swiss"]
[EventRounds "9"]
[EventCountry "AUS"]
[SourceTitle "CBM 135 Extra"]
[Source "ChessBase"]
[SourceDate "2010.05.04"]
[SourceVersion "1"]
[SourceVersionDate "2010.05.04"]
[SourceQuality "1"]

1. Nf3 d6 2. g3 g6 3. Bg2 Bg7 4. d4 Nf6 5. c4 0-0 6. 0-0 Nbd7 7. Nc3 e5 8. dxe5 dxe5 9. Qc2 c6 10. Rb1 Qc7 11. b4 a5 12. a3 axb4 13. axb4 Nb6 14. Nd2 Rd8 15. c5 Nbd5 16. Nc4 Nxc3 17. Qxc3 Bf5 18. Rb2 Nd5 19. Qe1 e4 20. Rb3 e3 21. Nxe3 Nxe3 22. Bxe3 Ra1 23. Qxa1 Bxa1 24. Rxa1 Qe5 25. Rba3 Kg7 26. b5 cxb5 27. Bxb7 b4 28. Ra5 b3 29. c6 b2 0-1

[Event "Sydney op"]
[Site "Parramatta"]
[Date "2010.04.07"]
[Round "1"]
[White "Goundar, Sanmogam"]
[Black "Smerdon, David"]
[Result "0-1"]
[WhiteElo "1929"]
[BlackElo "2530"]
[PlyCount "38"]
[EventDate "2010.04.07"]
[EventType "swiss"]
[EventRounds "9"]
[EventCountry "AUS"]
[SourceTitle "CBM 135 Extra"]
[Source "ChessBase"]
[SourceDate "2010.05.04"]
[SourceVersion "1"]
[SourceVersionDate "2010.05.04"]
[SourceQuality "1"]

1. d4 Nf6 2. c4 e6 3. Nf3 c5 4. d5 d6 5. Nc3 exd5 6. cxd5 g6 7. e4 a6 8. a4 Bg4 9. Be2 Bxf3 10. Bxf3 Nbd7 11. Bf4 Qc7 12. 0-0 Bg7 13. Re1 0-0 14. Qd2 Rfe8 15. Re2 Ne5 16. Bxe5 Rxe5 17. a5 h5 18. Na4 Rae8 19. Nb6 Nxe4 0-1

[Event "Doeberl Cup 48th"]
[Site "Canberra"]
[Date "2010.04.04"]
[Round "8"]
[White "Encel, Benjamin"]
[Black "Goundar, Sanmogam"]
[Result "1-0"]
[WhiteElo "1884"]
[BlackElo "1886"]
[PlyCount "52"]
[EventDate "2010.04.01"]
[EventType "swiss"]
[EventRounds "9"]
[EventCountry "AUS"]
[SourceTitle "CBM 135 Extra"]
[Source "ChessBase"]
[SourceDate "2010.05.04"]
[SourceVersion "1"]
[SourceVersionDate "2010.05.04"]
[SourceQuality "1"]

1. e4 c5 2. Nc3 Nc6 3. f4 g6 4. Nf3 Bg7 5. Bb5 Nd4 6. 0-0 Nxb5 7. Nxb5 a6 8. Nc3 d6 9. d3 b5 10. Qe1 e6 11. f5 Ne7 12. fxg6 Nxg6 13. Qg3 h6 14. h4 Bf6 15. h5 Ne5 16. Nxe5 Bxe5 17. Bf4 Bxf4 18. Qxf4 Ra7 19. Rae1 Rd7 20. e5 d5 21. Nxd5 exd5 22. e6 Re7 23. exf7+ Kf8 24. Qf6 Rh7 25. Rxe7 Qxe7 26. Qxe7+ Kxe7 1-0

[Event "Doeberl Cup 48th"]
[Site "Canberra"]
[Date "2010.04.03"]
[Round "5"]
[White "Goundar, Sanmogam"]
[Black "Morris, James"]
[Result "0-1"]
[WhiteElo "1886"]
[BlackElo "2127"]
[PlyCount "82"]
[EventDate "2010.04.01"]
[EventType "swiss"]
[EventRounds "9"]
[EventCountry "AUS"]
[SourceTitle "CBM 135 Extra"]
[Source "ChessBase"]
[SourceDate "2010.05.04"]
[SourceVersion "1"]
[SourceVersionDate "2010.05.04"]
[SourceQuality "1"]

1. d4 g6 2. c4 Bg7 3. Nc3 c5 4. e3 Nf6 5. Nf3 cxd4 6. exd4 d5 7. cxd5 Nxd5 8. Bb5+ Nc6 9. 0-0 0-0 10. h3 Be6 11. Bxc6 bxc6 12. Re1 Nxc3 13. bxc3 c5 14. Be3 Qa5 15. dxc5 Bxc3 16. Bd2 Rac8 17. Rc1 Bxd2 18. Qxd2 Rxc5 19. Rxc5 Qxc5 20. Qh6 Qc3 21. Kh2 Qg7 22. Qe3 a5 23. Qa3 Ra8 24. Ng5 Bd5 25. Rxe7 Qf6 26. Qe3 Be6 27. Rc7 Bxa2 28. Qc5 a4 29. Ne4 Qf4+ 30. Ng3 Be6 31. Qc6 Rd8 32. Qb6 a3 33. Ra7 Rb8 34. Qc5 a2 35. Ra3 Qb4 36. Qe5 Qxa3 37. Qxb8+ Qf8 38. Qe5 Qa8 39. Qa1 Qb8 40. Qf6 h5 41. h4 Qb1 0-1

[Event "Doeberl Cup 48th"]
[Site "Canberra"]
[Date "2010.04.01"]
[Round "2"]
[White "Toth, Andras"]
[Black "Goundar, Sanmogam"]
[Result "1-0"]
[WhiteElo "2385"]
[BlackElo "1886"]
[PlyCount "73"]
[EventDate "2010.04.01"]
[EventType "swiss"]
[EventRounds "9"]
[EventCountry "AUS"]
[SourceTitle "CBM 135 Extra"]
[Source "ChessBase"]
[SourceDate "2010.05.04"]
[SourceVersion "1"]
[SourceVersionDate "2010.05.04"]
[SourceQuality "1"]

1. e4 c5 2. Nf3 d6 3. d4 cxd4 4. Nxd4 Nf6 5. Nc3 g6 6. Be3 Bg7 7. f3 Nc6 8. Qd2 0-0 9. g4 Qa5 10. 0-0-0 Nxd4 11. Bxd4 Be6 12. a3 Rfc8 13. h4 h5 14. g5 Nd7 15. Bxg7 Kxg7 16. Qd4+ Qe5 17. f4 Qxd4 18. Rxd4 Nb6 19. Bd3 Rc5 20. Rf1 Bh3 21. Rf2 Rac8 22. f5 Nc4 23. Nd5 e5 24. Rxc4 Rxc4 25. Bxc4 Rxc4 26. Nf6 gxf5 27. b3 Rd4 28. c3 Rd3 29. exf5 d5 30. Nxh5+ Kg8 31. Kc2 e4 32. Nf4 Rg3 33. Nxd5 Rf3 34. Nf6+ Kg7 35. Nxe4 Bxf5 36. Rxf3 Bxe4+ 37. Rd3 1-0